000 00217nam a22000857a 4500
008 161108b xxu||||| |||| 00| 0 eng d
100 _91090
_aRazeghpanah. v
245 _aMir space Station
260 _aNew Delhi
_bN B T
_c2005
999 _c3751
_d3751